000 00841 a2200217 4500
008 240605b mp ||||| |||| 00| 0 mon d
020 _a99929-0-025-3
035 _a267
040 _aHE0623081
_bmon
_cMN-UlNLM
_dMN-UlNLM
_erda
041 _amon
042 _a32887
084 _2NNA
_a81.2(5мон)
_bБ.341
245 0 _aЭх хэлний эрдэнэ үгс
264 _aУБ.
_bМонсудар хэвлэлийн газар
_c2006
300 _a90х.
336 _2rdacontent
_atext
_btxt
337 _2rdamedia
_aunmediated
_bn
338 _2rdacarrier
_avolume
_bnc
650 _aЭх хэлний үгсийн сангийн тоолж тогтоож үл болом олон үгээс тодорхой нэг хэсэг үгс нь хэл найруулгад хагмийн идэвхтэй х...
942 _2NNA
_cBK
999 _c872972
_d873029